Представление документа в формате RUSMARC

ПолеНазваниеЗначение
  Тип записи a
  Библиографический уровень m
001 Контрольный номер RU/CBS_UL/BASE/701264831
005 Дата корректировки 20240209175040.9
010 Индекс ISBN __
a ISBN
b Уточнения в пер.
d Цена 2 р. 10 к.
9 Тираж 100 000 экз.
100 Данные общей обработки __
a Данные общей обработки 20220322d2022 ||| 0rusy0189 ca
101 Язык документа 0_
a Язык текста rus
102 Страна публикации __
a Страна публикации RU
105 Кодированные данные (монография) __
a Кодированные данные (монография) y###||||000|y
181 Поле кодированных данных: вид содержания _1
a Код вида содержания (ISBD) i#
b Код характеристики содержания (ISBD) #xxe##
d i
g x
h x
i e
182 Поле кодированных данных: тип средства _1
a Код типа средства (ISBD) n
2 Код системы (источник кода, отличный от ISBD) isbdmedia
200 Заглавие и сведения об ответственности 1_
a Заглавие Избранное
b Общее обозначение материала Текст
e Сведения, относящиеся к заглавию рассказы и повести
f Первые сведения об ответственности И. Г. Торопов
g Последующие сведения об ответственности пер. с коми С. Панкратова
g Последующие сведения об ответственности [вступ. ст. В. Дементьева]
g Последующие сведения об ответственности [худож. Н. Старцев]
w Текст (визуальный) : непосредственный
203 Вид содержания и тип средства __
a Вид содержания Текст
b Характеристика содержания визуальный
c Тип средства непосредственный
210 Выходные данные 1_
a Место издания Москва
c Издательство Современник
d Дата издания 1987
215 Физическое описание __
a Объем 508, [2] с.
c Иллюстрации/тип воспроизводства ил.
d Формат 21 см.
300 Общие примечания __
a Общие примечания Под инв. номером 22679: 17-1
300 Общие примечания __
a Общие примечания Содерж.: Повести: Скоро шестнадцать ; Ну, залетные!... ; Всем жить дальше ; Прощай, мушкетер! Рассказы: Шуркин бульон ; Где ты, город? ; Пшенная каша
333 Примечание о целевом назначении __
a Примечание о целевом назначении 16+
606 Тематические рубрики 0_
a Основная рубрика Литература народов Коми, 20 в. - Проза
610 Ключевые слова 0_
a Ключевые слова литература российская
a Ключевые слова проза российская
a Ключевые слова рассказы
a Ключевые слова повести
a Ключевые слова годы военные
686 Индексы других классификаций __
a Классификационный индекс 84(2Рос=Ком)
2 Код системы rubbk
700 Автор _1
a Фамилия Торопов
b Имя (инициалы) Иван Григорьевич
g Полное личное имя И. Г.
801 Источник записи _0
a Страна RU
b Организация МБУК ЦБС
c Дата составления 20220322
g Правила каталогизации RCR
801 Источник записи _1
a Страна RU
b Организация МБУК ЦБС г. Ульяновска
c Дата составления 20220322
g Правила каталогизации RCR
899 Данные о местонахождении __
i Авторский знак Т 61
j Расстановочный фильтр Р6=Коми
901 Тип документа __
t Тип документа m
910 Корректоры записи __
a Корректор записи Мотина